000 00682nam a2200193Ii 4500
003 JO-AjNU
008 230605s9999||||xx |||||||||||||| ||und||
040 _aJO-AjNU
_bara
_erda
_cJO-AjNU
041 _aara
050 1 4 _aBP165.G3922 2004
100 3 _aالغزالي، أبو حامد محمد بن محمد ؛ تحقيق وتعليق: موفق فوزي الجبر,
_eauthor
_99834
245 0 0 _aمنهاج العابدين
264 3 1 _aدمشق: الحكمة للطباعة والنشر، 2004
300 _a278ص
336 _atext
_btxt
_2rdacontent
337 _aunmediated
_bn
_2rdamedia
338 _avolume
_bnc
_2rdacarrier
650 4 _aالتصوف الاسلامي
_99835
999 _aA1501
_c5069
_d5069